000 00180 a2200097 4500
020 _a67509991235222
041 _aspa
100 _aDavies Jessica
245 _aProtejase
942 _cBK
999 _c5690
_d5690